"Ich bin ein halber Deutscher, ein halber Pole und ein ganzer Jude"

Titel: "Ich bin ein halber Deutscher, ein halber Pole und ein ganzer Jude" : Marcel Reich-Ranickis portatives Vaterland / Barbara Wiedemann
Verfasser:
In: Polnisch-deutsche Duette, (2013), Seite 273-289
alle Artikel anzeigen
Veröffentlicht: 2013
Format: Aufsatz
Sprache: Deutsch
Schlagworte:
Kein Bild verfügbar
X
alg: 37791267
001A    $04504:06-04-16 
001B    $04504:02-08-21 $t09:09:26.000 
001C    $04504:06-04-16 $t16:17:26.000 
001D    $04504:06-04-16 
001U    $0utf8 
001X    $00 
002@    $0Aou 
002C    $aText $btxt $2rdacontent 
002D    $aohne Hilfsmittel zu benutzen $bn $2rdamedia 
002E    $aBand $bnc $2rdacarrier 
003@    $0377912670 
007A    $0377912670 $aHEB 
010@    $ager 
010E    $erda 
011@    $a2013 
021A    $a"Ich bin ein halber Deutscher, ein halber Pole und ein ganzer Jude" $dMarcel Reich-Ranickis portatives Vaterland $hBarbara Wiedemann 
028A    $BVerfasser $#Wiedemann-Wolf, Barbara $#Wolf, Barbara Wiedemann- $#Wiedemann-Wolf, Barbara $4aut $7122399501 $8Wiedemann, Barbara$Z1953- [Tp1] $9153574267 
031A    $h273-289 $j2013 
039B    $aEnthalten in $8--Aau--. Polnisch-deutsche Duette. - Dresden : Neisse -Verl., 2013. - 320 S.. - ISBN 978-3-86276-071-8 $x201300000000000727 $9334519446 
044K    $#The @author of himself $#Ma vie $#He zoe mu $#ha- Hayim ve-ha-sifrut $#La @mia vita $#Waga Yudaya, Doitsu, Porando $#Mijn leven $#Moje zycie $#Viata mea $#Moja žizn' $#Moj život $#Moje življenje $#Mi vida $#M°uj život $#Ðòi tôi $#Reich-Ranicki, Marcel $#086940171 $74612578-4 $8Reich-Ranicki, Marcel$Z1920-2013 [Tp1]$aMein Leben [Tu1] $9094337772 
045V    $aReich-Ranicki, Marcel $801.08.00$jZu einzelnen Germanisten, Literaturtheoretikern und Essayisten [Tkx] $9118843184 

lok: 37791267 62

exp: 37791267 62 1 #EPN
201B/01 $006-04-16 $t22:04:34.000 
203@/01 $0770881572 
208@/01 $a06-04-16 $be 
209A/01 $a/ $f000 $x00 
209B/01 $a2016 $x05 
247C/01 $8Frankfurt, Bibliographie der Deutschen Sprach- und Literaturwissenschaft $9113214561 
201U/01 $0utf8 

lok: 37791267 78

exp: 37791267 78 1 #EPN
201B/01 $007-02-18 $t15:44:42.000 
201C/01 $007-02-18 
201U/01 $0utf8 
203@/01 $01017234582 
208@/01 $a07-02-18 $be 
209A/01 $a/ $f000 $x00 
209A/01 $ab*p $x01 
220C/01 $apgar 
244Z/01 $#Generalgouvernement Polen $#Polska $#Rzeczpospolita Polska $#Polska Rzeczpospolita Ludowa $#Poland $#Pologne $#République Polonaise $#Generalne Gubernatorstwo w Polsce $#Polish People's Republic $#Polska Rzeczpospolita Polen $#PRL $#RP $#Polen Generalgouvernement $#Polska Generalgouvernement $#Besetzte Polnische Gebiete $#Besetztes Gebiet in Polen $#Okupowane Polskie Obszary $#Obszary Okupowane w Polsce $#Volksrepublik Polen $#Polska Rosyjska $#Republic Polen $#Respublika Pol'ša $#Pol'skaja Narodnaja Respublika $#République de Pologne $#Polen Links der Weichsel $#Polska po Lewej Stronie Wisły $#Lenkija $#Polija $#Gubernija Carstva Pol'skago $#Republik Polen $74046496-9 $8--Tg1--Polen $x01 $9085129801 
247C/01 $82080>Marburg/Lahn, Herder-Institut, Forschungsbibliothek, Bibliographieportal $9336309341
LEADER 00000caa a2200000 c 4500
001 377912670
003 DE-603
005 20210802090926.0
007 tu
008 160406s2013 xx |||| | u00||u|ger c
035 |a (DE-599)HEB377912670 
040 |a DE-603  |b ger  |c DE-603  |d DE-603  |e rda 
041 |a ger 
100 1 |a Wiedemann, Barbara  |d 1953-  |e Verfasser  |4 aut  |0 (DE-603)153574267  |0 (DE-588)122399501  |2 gnd 
245 0 0 |a "Ich bin ein halber Deutscher, ein halber Pole und ein ganzer Jude"  |b Marcel Reich-Ranickis portatives Vaterland  |c Barbara Wiedemann 
264 0 |c 2013 
336 |a Text  |b txt  |2 rdacontent 
337 |a ohne Hilfsmittel zu benutzen  |b n  |2 rdamedia 
338 |a Band  |b nc  |2 rdacarrier 
600 1 7 |a Reich-Ranicki, Marcel  |d 1920-2013  |t Mein Leben  |0 (DE-588)4612578-4  |0 (DE-603)094337772  |2 gnd 
773 0 8 |i Enthalten in  |t Polnisch-deutsche Duette  |d Dresden : Neisse -Verl., 2013  |h 320 S., 155 mm x 220 mm  |z 9783862760718  |z 3862760715  |g (2013), Seite 273-289  |w (DE-603)334519446 
924 0 |9 603  |a (DE-603)770881572  |b DE-603  |c HES  |d d 
924 0 |9 2080  |a (DE-603)1017234582  |b DE-2080  |c HES  |d d  |g /